| 000 | 00713nam a2200241Ia 4500 | ||
|---|---|---|---|
| 003 | GCL | ||
| 008 | 140319s9999 xx 000 0 ara d | ||
| 040 |
_aGCL / _cGCL |
||
| 082 | 0 | 4 |
_a301.36 _bح م |
| 100 | 1 | _aحسن على حسن | |
| 245 | 1 | 0 |
_aالمجتمع الريفى والحضرى / _cحسن على حسن |
| 260 |
_a[S.N] : _bالمكتب الجامعى الحديث ، _c1991 |
||
| 300 | _a364 ص | ||
| 490 | _a | ||
| 650 | 0 | 4 | _aالاجتماع |
| 650 | 0 | 4 | _aالمدن |
| 650 | 0 | 4 | _aالتنمية الريفية |
| 650 | 0 | 4 | _aالقرى |
| 650 | 0 | 4 | _aالاجتماع الحضرى |
| 650 | 0 | 4 | _aالاجتماع الريفى |
| 650 | 0 | 4 | _aالحياة الريفية |
| 942 |
_2ddc _cBK |
||
| 999 |
_c27646 _d27646 |
||